| 000 | 01398nam2a22002651 4500 | ||
|---|---|---|---|
| 001 | rc\2247363 | ||
| 005 | 20250623070104.0 | ||
| 035 | _a(NLR Aleph) 006651922 | ||
| 090 |
_a4803312 _c4803312 |
||
| 100 | _a20110829d1978 |||y0rusy50 ca | ||
| 101 | 0 | _arus | |
| 102 | _aRU | ||
| 105 | _ay z ||||| | ||
| 200 | 0 |
_a[... за 1974-1977 гг. _fСост. В.Д. Осипова] |
|
| 210 |
_d1978 _aБ. м. |
||
| 215 | _a42 с. | ||
| 225 | 1 |
_i... _v3979 П. |
|
| 461 | 0 |
_1001rc\2247362 _12001#$aГазовые струи в металлургии$e[Кн., журн. и пат. лит. на рус. и иностр. яз. ...]$fМ-во черной металлургии СССР. ЦНИИ информ. и техн.-экон. исслед. черной металлургии$v[... за 1974-1977 гг. _94803307 _cМосква _d1978 _fМ-во черной металлургии СССР. ЦНИИ информ. и техн.-экон. исслед. черной металлургии _nБ. и. _o[Кн., журн. и пат. лит. на рус. и иностр. яз. ...] _tГазовые струи в металлургии _v[... за 1974-1977 гг. |
|
| 702 | 1 |
_4220 _7ca _8rus _aОсипова _bВ. Д. _cбиблиограф _9261573 _3RU\NLR\AUTH\770261629 |
|
| 801 | 0 |
_aRU _bNLR _gpsbo |
|
| 801 | 1 |
_aRU _bELAR _2rusmarc |
|
| 852 |
_aNLR _jС337-410/Г13 |
||
| 942 | _cBOOK | ||
| 980 | _aNB | ||